000 00496nam a2200169 i 4500
001 96652
003 ES-MaACL
005 20230906181943.0
007 t|
008 050629s1917 fr ||||1| fre d
100 1 _aMallarmé, Stéphane (
_d1842-1898)
_975791
245 1 0 _aPoésies
_b: édition complete contenant plusieurs poemes inèdits /
_cStéphane Mallarmé.
250 _a9ª ed.
260 _aMacon :
_bProtat Frerel,
_c1917.
300 _a172 p. ;
_c19 cm.
852 _aES-MaACL
_jF-5854
999 _c96652
_d96652